00859cam a2200277 i 45000010008000000030009000080050017000170070008000340080031000420150006000730170009000790200015000880350006001030400025001090800006001340820026001401000029001662450122001952600040003173000025003574900021003825340074004036500029004776500033005067000042005390000492DO-SdBNP20241011130933.00000492100514s1986 sp || 000 f spa  a  a b  a8476347588 a  aBPMSUbspacBPMSUe  a  4a843.8bV531J 19862221 aVerne, Julio,d1828-190510aJulio Venes :b Los hijos del capitán Grant en Australia /cJulio Verne ; traducción D. A. Ribot y Fontseré h  aBarcelona:bEdiciones Orbis,c1986. a255 p.: bil.c20 cm0 aJulio Verne,v10 pTítulo original :tLes enfants du capitaine Grant, á l´Australie 4aNovela juvenil francesa  4aLiteratura juvenil francesa 1 aRibot y Fontseré, D. A.etraductor